La facilitación neuromuscular propioceptiva en la práctica: guía ilustrada

Gorde:
Xehetasun bibliografikoak
Egile Nagusiak: Adler, Susan S (Egilea), Beckers, Dominick (Egilea), Buck, Math (Egilea)
Formatua: Liburua
Hizkuntza:gaztelania
Argitaratua: Madrid Médica Panamericana 2012
Edizioa:3a. ed
Gaiak:
Etiketak: Etiketa erantsi
Etiketarik gabe, Izan zaitez lehena erregistro honi etiketa jartzen!

MARC

LEADER 00000cam a2200000 a 4500
001 UCF8515
003 CL-VaPUC
005 20231116095528.0
008 130906e20120000sp |||||||||||||||||spa|d
999 |c 353086  |d 353084 
020 |a 9788498352368 
040 |c Pontificia Universidad Católica de Valparaíso 
082 0 4 |a 615.74  |b ADL  |2 21 
100 0 |a Adler, Susan S  |e author  |9 570603 
245 1 3 |a La facilitación neuromuscular propioceptiva en la práctica: guía ilustrada 
250 |a 3a. ed 
260 |a Madrid  |b Médica Panamericana  |c 2012 
300 |a 299 p 
583 |a last modification  |c 20190731 11:30:52  |k Rodrigo Vera 
650 0 |a Facilitación neuromuscular propioceptiva  |9 885934 
650 0 |a Enfermedades neuromusculares  |9 342045 
650 0 |a Fisiología humana   |9 269557 
650 0 |a Fisiología del ejercicio  |9 536563 
650 0 |a Enfermedades neuromusculares  |9 342045 
650 0 |a Fisioterapia  |9 307408 
700 0 |a Beckers, Dominick  |e author  |9 570604 
700 0 |a Buck, Math  |e author  |9 570605 
942 |c BK  |2 ddc 
945 |d 20130906 13:01:00  |a cmena 
952 |0 0  |1 0  |3 erb  |4 0  |6 615_740000000000000_ADL_2012  |7 0  |8 A  |9 457984  |a BIBCUR  |b BIBCUR  |d 2019-11-23  |i 5005302  |l 2  |o 615.74 ADL 2012  |p 5005302  |r 2025-04-22  |s 2023-04-21  |w 2019-11-23  |y BK  |z Catalogado en:20130906  |k KIN 
952 |0 0  |1 0  |3 erb  |4 0  |6 615_740000000000000_ADL_2012  |7 0  |8 A  |9 457985  |a BIBCUR  |b BIBCUR  |d 2019-11-23  |i 5005310  |l 4  |o 615.74 ADL 2012  |p 5005310  |r 2025-04-22  |s 2023-04-24  |w 2019-11-23  |y BK  |z Catalogado en:20130906  |k KIN 
952 |0 0  |1 0  |3 erb  |4 0  |6 615_740000000000000_ADL_2012  |7 0  |8 A  |9 457986  |a BIBCUR  |b BIBCUR  |d 2019-11-23  |i 5005329  |o 615.74 ADL 2012  |p 5005329  |r 2025-04-22  |w 2019-11-23  |y BK  |z Catalogado en:20130906  |k KIN 
952 |0 0  |1 0  |3 erb  |4 0  |6 615_740000000000000_ADL_2012  |7 0  |8 A  |9 457987  |a BIBCUR  |b BIBCUR  |d 2019-11-23  |i 5005337  |l 1  |o 615.74 ADL 2012  |p 5005337  |r 2025-04-22  |s 2022-05-18  |w 2019-11-23  |y BK  |z Catalogado en:20130906  |k KIN 
952 |0 0  |1 0  |3 erb  |4 0  |6 615_740000000000000_ADL_2012  |7 0  |8 A  |9 457988  |a BIBCUR  |b BIBCUR  |i 5091640  |l 4  |o 615.74 ADL 2012  |p 5091640  |q 2025-05-13  |r 2025-05-06  |s 2025-05-06  |w 2019-11-23  |y BK  |z Catalogado en:20140724  |k KIN 
952 |0 0  |1 0  |3 erb  |4 0  |6 615_740000000000000_ADL_2012  |7 0  |8 A  |9 457989  |a BIBCUR  |b BIBCUR  |i 5091659  |o 615.74 ADL 2012  |p 5091659  |r 2025-04-22  |w 2019-11-23  |y BK  |z Catalogado en:20140724  |k KIN 
952 |0 0  |1 0  |3 erb  |4 0  |6 615_740000000000000_ADL_2012  |7 0  |8 A  |9 457990  |a BIBCUR  |b BIBCUR  |i 5117097  |l 1  |o 615.74 ADL 2012  |p 5117097  |r 2025-04-22  |s 2022-05-18  |w 2019-11-23  |y BK  |z Catalogado en:20141003  |k KIN 
952 |0 0  |1 0  |3 erb  |4 0  |6 615_740000000000000_ADL_2012  |7 0  |8 A  |9 457991  |a BIBCUR  |b BIBCUR  |i 5117100  |l 1  |o 615.74 ADL 2012  |p 5117100  |r 2025-04-22  |s 2023-03-28  |w 2019-11-23  |y BK  |z Catalogado en:20141003  |k KIN 
952 |0 0  |1 0  |3 erb  |4 0  |6 615_740000000000000_ADL_2012  |7 0  |8 A  |9 457992  |a BIBCUR  |b BIBCUR  |i 5117119  |o 615.74 ADL 2012  |p 5117119  |r 2025-04-22  |w 2019-11-23  |y BK  |z Catalogado en:20141003  |k KIN 
952 |0 0  |1 0  |3 erb  |4 0  |6 615_740000000000000_ADL_2012  |7 0  |8 A  |9 457993  |a BIBCUR  |b BIBCUR  |i 5117127  |l 6  |m 3  |o 615.74 ADL 2012  |p 5117127  |r 2025-05-06  |s 2025-04-14  |w 2019-11-23  |y BK  |z Catalogado en:20141003  |k KIN 
952 |0 0  |1 0  |3 erb  |4 0  |6 615_740000000000000_ADL_2012  |7 0  |8 A  |9 457994  |a BIBCUR  |b BIBCUR  |i 5117135  |l 3  |o 615.74 ADL 2012  |p 5117135  |r 2025-04-22  |s 2023-10-18  |w 2019-11-23  |y BK  |z Catalogado en:20141003  |k KIN 
952 |0 0  |1 0  |3 erb  |4 0  |6 615_740000000000000_ADL_2012  |7 0  |8 A  |9 457995  |a BIBCUR  |b BIBCUR  |i 5117143  |l 1  |o 615.74 ADL 2012  |p 5117143  |r 2025-04-22  |s 2024-04-10  |w 2019-11-23  |y BK  |z Catalogado en:20141003  |k KIN 
952 |0 0  |1 0  |3 erb  |4 0  |6 615_740000000000000_ADL_2012  |7 0  |8 A  |9 457996  |a BIBCUR  |b BIBCUR  |i 5117151  |l 2  |o 615.74 ADL 2012  |p 5117151  |r 2025-04-22  |s 2023-05-02  |w 2019-11-23  |y BK  |z Catalogado en:20141003  |k KIN 
952 |0 0  |1 0  |3 erb  |4 0  |6 615_740000000000000_ADL_2012  |7 0  |8 A  |9 457997  |a BIBCUR  |b BIBCUR  |i 511716K  |l 1  |o 615.74 ADL 2012  |p 511716K  |r 2025-04-22  |s 2023-03-28  |w 2019-11-23  |y BK  |z Catalogado en:20141003  |k KIN